<?xml version="1.0" encoding="UTF-8"?>
<record
    xmlns:xsi="http://www.w3.org/2001/XMLSchema-instance"
    xsi:schemaLocation="http://www.loc.gov/MARC21/slim http://www.loc.gov/standards/marcxml/schema/MARC21slim.xsd"
    xmlns="http://www.loc.gov/MARC21/slim">

  <leader>01583ngc a22002651u 4500</leader>
  <controlfield tag="005">20240227094418.0</controlfield>
  <controlfield tag="008">110710t2004    qa|||||s|||| 00| 0 ara d</controlfield>
  <datafield tag="082" ind1="0" ind2="4">
    <subfield code="a">956.609</subfield>
    <subfield code="b">&#x62D; &#x62F; &#x64A;</subfield>
    <subfield code="2">22</subfield>
  </datafield>
  <datafield tag="110" ind1=" " ind2=" ">
    <subfield code="a">AlJazeera Programs.</subfield>
    <subfield code="9">26252</subfield>
  </datafield>
  <datafield tag="245" ind1="0" ind2="2">
    <subfield code="a">&#x627;&#x644;&#x62D;&#x62F;&#x64A;&#x62B; &#x645;&#x639; &#x627;&#x644;&#x639;&#x62F;&#x648;</subfield>
    <subfield code="h">[&#x62A;&#x633;&#x62C;&#x64A;&#x644; &#x645;&#x631;&#x626;&#x64A;] /</subfield>
    <subfield code="c">&#x642;&#x646;&#x627;&#x629; &#x627;&#x644;&#x62C;&#x632;&#x64A;&#x631;&#x629;.</subfield>
  </datafield>
  <datafield tag="246" ind1=" " ind2=" ">
    <subfield code="a">A Dialogue with the Enemy </subfield>
  </datafield>
  <datafield tag="260" ind1=" " ind2=" ">
    <subfield code="b">&#x627;&#x644;&#x62F;&#x648;&#x62D;&#x629; :</subfield>
    <subfield code="a">&#x642;&#x646;&#x627;&#x629; &#x627;&#x644;&#x62C;&#x632;&#x64A;&#x631;&#x629;&#x60C;</subfield>
    <subfield code="c">[2004]</subfield>
  </datafield>
  <datafield tag="300" ind1=" " ind2=" ">
    <subfield code="a">1 &#x642;&#x631;&#x635; &#x636;&#x648;&#x626;&#x64A; &#x645;&#x644;&#x64A;&#x632;&#x631; (50 &#x62F;&#x642;)</subfield>
    <subfield code="b">&#x631;&#x642;&#x645;&#x649; &#x61B;</subfield>
    <subfield code="c">4 3/4 &#x628;&#x648;</subfield>
  </datafield>
  <datafield tag="490" ind1=" " ind2=" ">
    <subfield code="a">&#x633;&#x644;&#x633;&#x644;&#x629; &#x633;&#x631;&#x64A; &#x644;&#x644;&#x63A;&#x627;&#x64A;&#x629;</subfield>
  </datafield>
  <datafield tag="520" ind1=" " ind2=" ">
    <subfield code="a">&#x627;&#x644;&#x645;&#x633;&#x627;&#x631; &#x627;&#x644;&#x62A;&#x641;&#x627;&#x648;&#x636;&#x64A; &#x627;&#x644;&#x637;&#x648;&#x64A;&#x644; &#x627;&#x644;&#x630;&#x64A; &#x642;&#x637;&#x639;&#x647; &#x62D;&#x632;&#x628; &#x627;&#x644;&#x644;&#x647; &#x648; &#x625;&#x633;&#x631;&#x627;&#x626;&#x64A;&#x644; &#x60C; &#x62E;&#x637;&#x637; &#x623;&#x633;&#x631; &#x639;&#x633;&#x643;&#x631;&#x64A;&#x64A;&#x646; &#x625;&#x633;&#x631;&#x627;&#x626;&#x64A;&#x644;&#x64A;&#x64A;&#x646; &#x641;&#x64A; &#x644;&#x628;&#x646;&#x627;&#x646; &#x648;&#x635;&#x641;&#x642;&#x629; &#x62A;&#x628;&#x627;&#x62F;&#x644; &#x627;&#x644;&#x623;&#x633;&#x631;&#x649; &#x628;&#x645;&#x631;&#x627;&#x62D;&#x644;&#x647;&#x627; &#x627;&#x644;&#x645;&#x62B;&#x64A;&#x631;&#x629; &#x644;&#x644;&#x62C;&#x62F;&#x644;&#x60C; &#x62F;&#x648;&#x631; &#x623;&#x644;&#x645;&#x627;&#x646;&#x64A;&#x627; &#x648;&#x627;&#x644;&#x642;&#x648;&#x649; &#x627;&#x644;&#x625;&#x642;&#x644;&#x64A;&#x645;&#x64A;&#x629; &#x648;&#x627;&#x644;&#x62F;&#x648;&#x644;&#x64A;&#x629;&#x60C; &#x648;&#x645;&#x627; &#x634;&#x647;&#x62F;&#x62A;&#x647; &#x627;&#x644;&#x645;&#x646;&#x637;&#x642;&#x629; &#x645;&#x646; &#x645;&#x641;&#x627;&#x62C;&#x622;&#x62A; &#x648;&#x622;&#x645;&#x627;&#x644;... &#x641;&#x631;&#x62D; &#x627;&#x644;&#x639;&#x627;&#x626;&#x644;&#x627;&#x62A; &#x644;&#x62F;&#x649; &#x627;&#x633;&#x62A;&#x639;&#x627;&#x62F;&#x629; &#x623;&#x628;&#x646;&#x627;&#x626;&#x647;&#x627;&#x60C; &#x648;&#x642;&#x636;&#x64A;&#x629; &#x627;&#x644;&#x625;&#x641;&#x631;&#x627;&#x62C; &#x639;&#x646; &#x633;&#x645;&#x64A;&#x631; &#x627;&#x644;&#x642;&#x646;&#x637;&#x627;&#x631; &#x627;&#x644;&#x630;&#x64A; &#x64A;&#x628;&#x642;&#x649; &#x623;&#x633;&#x64A;&#x631; &#x627;&#x644;&#x635;&#x641;&#x642;&#x629;</subfield>
  </datafield>
  <datafield tag="650" ind1=" " ind2=" ">
    <subfield code="a">&#x627;&#x644;&#x646;&#x632;&#x627;&#x639; &#x627;&#x644;&#x639;&#x631;&#x628;&#x64A; &#x627;&#x644;&#x627;&#x633;&#x631;&#x627;&#x626;&#x64A;&#x644;&#x64A;</subfield>
    <subfield code="9">26248</subfield>
    <subfield code="z">&#x644;&#x628;&#x646;&#x627;&#x646;</subfield>
    <subfield code="2">BUEsh</subfield>
  </datafield>
  <datafield tag="650" ind1=" " ind2=" ">
    <subfield code="a">&#x627;&#x644;&#x62D;&#x631;&#x648;&#x628; &#x627;&#x644;&#x639;&#x631;&#x628;&#x64A;&#x629; &#x627;&#x644;&#x625;&#x633;&#x631;&#x627;&#x626;&#x64A;&#x644;&#x64A;&#x629;</subfield>
    <subfield code="9">26249</subfield>
    <subfield code="x">&#x62A;&#x628;&#x627;&#x62F;&#x644; &#x627;&#x644;&#x623;&#x633;&#x631;&#x649;</subfield>
    <subfield code="2">BUEsh</subfield>
  </datafield>
  <datafield tag="651" ind1=" " ind2=" ">
    <subfield code="2">BUEsh</subfield>
  </datafield>
  <datafield tag="653" ind1=" " ind2=" ">
    <subfield code="c">July2011</subfield>
  </datafield>
  <datafield tag="710" ind1=" " ind2=" ">
    <subfield code="9">26253</subfield>
    <subfield code="a">&#x642;&#x646;&#x627;&#x629; &#x627;&#x644;&#x62C;&#x632;&#x64A;&#x631;&#x629;</subfield>
  </datafield>
  <datafield tag="942" ind1=" " ind2=" ">
    <subfield code="k">956.609 &#x62D; &#x62F; &#x64A;</subfield>
    <subfield code="2">ddc</subfield>
    <subfield code="c">CDVDDOC</subfield>
    <subfield code="h">RDA-MOD</subfield>
  </datafield>
  <datafield tag="999" ind1=" " ind2=" ">
    <subfield code="c">5151</subfield>
    <subfield code="d">5151</subfield>
  </datafield>
  <datafield tag="336" ind1=" " ind2=" ">
    <subfield code="2">rdacontent</subfield>
    <subfield code="a">&#x646;&#x635;</subfield>
    <subfield code="b">txt</subfield>
  </datafield>
  <datafield tag="337" ind1=" " ind2=" ">
    <subfield code="a">&#x628;&#x62F;&#x648;&#x646; &#x648;&#x633;&#x64A;&#x637;</subfield>
    <subfield code="2">rdamedia</subfield>
    <subfield code="b">n</subfield>
  </datafield>
  <datafield tag="338" ind1=" " ind2=" ">
    <subfield code="a">&#x645;&#x62C;&#x644;&#x62F;</subfield>
    <subfield code="b">nc</subfield>
    <subfield code="2">rdacarrier</subfield>
  </datafield>
  <datafield tag="952" ind1=" " ind2=" ">
    <subfield code="0">0</subfield>
    <subfield code="1">0</subfield>
    <subfield code="2">ddc</subfield>
    <subfield code="4">0</subfield>
    <subfield code="7">0</subfield>
    <subfield code="a">MAIN</subfield>
    <subfield code="b">MAIN</subfield>
    <subfield code="c">2ND</subfield>
    <subfield code="d">2007-10-18</subfield>
    <subfield code="e">Purchase</subfield>
    <subfield code="o">956.609 &#x62D; &#x62F; &#x64A;</subfield>
    <subfield code="p">000006074</subfield>
    <subfield code="r">2022-08-24 00:00:00</subfield>
    <subfield code="s">2013-05-29</subfield>
    <subfield code="y">CDVDDOC</subfield>
  </datafield>
</record>
